Peptide hormones / (Record no. 73248)
[ view plain ]
| 000 -LEADER | |
|---|---|
| fixed length control field | 01288nam a2200325 4500 |
| 001 - CONTROL NUMBER | |
| control field | 73248 |
| 003 - CONTROL NUMBER IDENTIFIER | |
| rucl marc code | BD-RjUL |
| 005 - DATE AND TIME OF LATEST TRANSACTION | |
| control field | 20211209082352.0 |
| 008 - FIXED-LENGTH DATA ELEMENTS--GENERAL INFORMATION | |
| fixed length control field | 170529s1973 enka b 001 0 eng d |
| 020 ## - INTERNATIONAL STANDARD BOOK NUMBER | |
| International Standard Book Number | 0444104534 (American Elsevier) |
| International Standard Book Number | 0720441102 |
| International Standard Book Number | 0720441080 |
| 035 ## - SYSTEM CONTROL NUMBER | |
| System control number | (BD-RjUL)73466 |
| 040 ## - CATALOGING SOURCE | |
| Original cataloging agency | DLC |
| Transcribing agency | DLC |
| Modifying agency | DLC |
| -- | BD-RjUL |
| Language of cataloging | eng |
| 041 ## - LANGUAGE CODE | |
| Language code of text/sound track or separate title | eng |
| 082 00 - DEWEY DECIMAL CLASSIFICATION NUMBER | |
| Classification number | 612.405 |
| Edition number | 23 |
| Author mark and year | PEP 1973 |
| 100 1# - MAIN ENTRY--PERSONAL NAME | |
| Personal name | Berson, Solomon A., |
| Dates associated with a name | 1918-1972. |
| 9 (RLIN) | 216667 |
| 245 00 - TITLE STATEMENT | |
| Title | Peptide hormones / |
| Statement of responsibility, etc. | Edited by Solomon A. Berson and Rosalyn S. Yalow. |
| 260 ## - PUBLICATION, DISTRIBUTION, ETC. (IMPRINT) | |
| Place of publication, distribution, etc. | Amsterdam : |
| Name of publisher, distributor, etc. | North Holland Pub. Co.; |
| Place of publication, distribution, etc. | New York : |
| Name of publisher, distributor, etc. | American Elsevier Pub. Co., |
| Date of publication, distribution, etc. | 1973. |
| 300 ## - PHYSICAL DESCRIPTION | |
| Pagination | v. : |
| Illustrations | ill. ; |
| Size | 25 cm. |
| 504 ## - BIBLIOGRAPHY, ETC. NOTE | |
| Bibliography, etc | Includes bibliographies and Indexes. |
| 505 0# - FORMATTED CONTENTS NOTE | |
| Formatted contents note | Pt. 1 General methodology-- Pt. 2 Pituitary hormones and hypothalamic releasing factors.-- Pt. 3 Non-pituitary hormones-- |
| 650 #0 - SUBJECT ADDED ENTRY--TOPICAL TERM | |
| Topical term or geographic name as entry element | hormones. |
| 9 (RLIN) | 216668 |
| Topical term or geographic name as entry element | Peptide hormones. |
| 9 (RLIN) | 216668 |
| Topical term or geographic name as entry element | Hormone therapy. |
| 9 (RLIN) | 216669 |
| 700 1# - ADDED ENTRY--PERSONAL NAME | |
| Personal name | Yalow, Rosalyn S. |
| Fuller form of name | (Rosalyn Sussman), |
| Dates associated with a name | 1921-2011, |
| Relator term | joint author. |
| 830 ## - SERIES ADDED ENTRY--UNIFORM TITLE | |
| Uniform title | Methods in investigative and diagnostic endocrinology |
| Volume number/sequential designation | v. 2A-B |
| 942 ## - ADDED ENTRY ELEMENTS (KOHA) | |
| Source of classification or shelving scheme | Dewey Decimal Classification |
| Koha item type | Books |
| Lost status | Source of classification or shelving scheme | Damaged status | Not for loan | Collection code | Permanent Location | Current Location | Shelving location | Date acquired | Source of acquisition | Cost, normal purchase price | Total Checkouts | Full call number | Date last seen | Copy number | Koha item type |
|---|---|---|---|---|---|---|---|---|---|---|---|---|---|---|---|
| Dewey Decimal Classification | Not For Loan | Non-fiction | Central Library, University of Rajshahi | Central Library, University of Rajshahi | Reading Room | 13/04/1977 | W. Heffersk Sons | 61.60 | 612.405 PEP Pt.3 1973 | 29/05/2017 | C-1 | Books | |||
| Dewey Decimal Classification | Not For Loan | Non-fiction | Central Library, University of Rajshahi | Central Library, University of Rajshahi | Reading Room | 13/04/1977 | W. Heffersk Sons | 61.60 | 612.405 PEP Pt.1&2 1973 | 29/05/2017 | C-1 | Books |